| 000 | 00459nam a2200181 a 4500 | ||
|---|---|---|---|
| 001 | 0425 | ||
| 005 | 20140414131911.0 | ||
| 008 | 040106s19uu xx 00 eng d | ||
| 020 | _a1-56987-796-3 | ||
| 050 |
_aER _bD19 1996 |
||
| 100 | _aRector, Andy | ||
| 245 |
_aDaniel and Lea the lioness / _cAndy Rector. |
||
| 260 |
_bLandoll Book, _c1996. |
||
| 300 | _ap. ; cm. | ||
| 650 | _aBible stories - O.T. | ||
| 650 | _aChildren stories. | ||
| 999 |
_c111229 _d111229 |
||